000 00596nam a2200193Ia 4500
005 20250326143832.0
008 250326s9999 xx 000 0 und d
020 _a1-4221-0154-1
037 _aTextbook
040 _aFMSL
_beng
_cFMSL
041 _aeng
_2eng
084 _aX:74 P6
_qFMSL
100 _aDay George S
245 0 _aPeripheral vision : detecting the weak signals that will make or break your company
_cDay George S; Schoemaker Paul J H
260 _aUSA
_bUSA, Harvard Business School
_c2006
300 _a248p
942 _cTB
_hX:74 P6
999 _c1301260
_d1301260